00182nam a2200073Ia 4500008004100000100001600041245002300057260002800080170817s9999 xx 000 0 und d aSharty .G.P 0aSwaasthya-Shikshaa bAgarwal Prakashan Agara